[Event "CZE-chT1W 2425"]
[Site "Czech Republic"]
[Date "2024.11.10"]
[Round "2.3"]
[White "Civin, Tomas"]
[Black "Dolezal, Radoslav"]
[Result "0-1"]
[WhiteElo "2388"]
[BlackElo "2318"]
[PlyCount "66"]
[EventDate "2024.10.20"]
[EventType "team-tourn"]
[EventRounds "11"]
[EventCountry "CZE"]
[SourceTitle "CB16_2025"]
[SourceDate "2025.04.16"]
[SourceVersion "1"]
[SourceVersionDate "2025.04.16"]
[SourceQuality "1"]
[WhiteTeam "Pisek"]
[BlackTeam "Pankrac"]
[WhiteTeamCountry "CZE"]
[BlackTeamCountry "CZE"]

1. d4 d5 2. c4 c6 3. cxd5 cxd5 4. Nc3 Nc6 5. e4 e6 6. e5 Qb6 7. Nf3 Bd7 8. Be2 Nh6 9. 0-0 Nf5 10. Na4 Qa5 11. Bd2 Qd8 12. Bg5 Qa5 13. Bd2 Qd8 14. Bc3 h5 15. a3 g5 16. b4 g4 17. Ne1 Ncxd4 18. Bxd4 Nxd4 19. Qxd4 Bxa4 20. f3 Qb6 21. Qxb6 axb6 22. fxg4 hxg4 23. Bxg4 Bb5 24. Rf4 Bg7 25. Nf3 Bh6 26. Rf6 Be3+ 27. Kh1 Ke7 28. h4 d4 29. Kh2 d3 30. Kg3 Rhg8 31. Kh3 d2 32. Bh5 Rg7 33. Ng5 Rh8 0-1

[Event "TH-S-1463"]
[Site "IECC email"]
[Date "2022.08.14"]
[Round "?"]
[White "Akram, Fauzi"]
[Black "Civin, Tomas"]
[Result "1-0"]
[WhiteElo "2383"]
[BlackElo "1972"]
[PlyCount "27"]
[EventDate "2022.??.??"]
[EventType "tourn (corr)"]
[SourceTitle "Corr 2024"]
[Source "ChessBase"]
[SourceDate "2023.10.19"]
[SourceVersion "1"]
[SourceVersionDate "2023.10.19"]
[SourceQuality "1"]
[WhiteTeam "Jordanien"]
[BlackTeam "Tschechien"]
[WhiteTeamCountry "JOR"]
[BlackTeamCountry "CZE"]

1. d4 d5 2. c4 Bf5 3. cxd5 Bxb1 4. Rxb1 Qxd5 5. Nf3 Nc6 6. e3 Nf6 7. a3 e5 8. dxe5 Qxd1+ 9. Kxd1 Ng4 10. Ke2 Ngxe5 11. Nxe5 Nxe5 12. f4 Nd7 13. g4 h5 14. g5 1-0

[Event "TH-S-1459"]
[Site "IECC email"]
[Date "2022.08.13"]
[Round "?"]
[White "Civin, Tomas"]
[Black "Hervas, Fernando"]
[Result "0-1"]
[WhiteElo "1908"]
[BlackElo "2119"]
[PlyCount "24"]
[EventDate "2022.??.??"]
[EventType "tourn (corr)"]
[SourceTitle "Corr 2024"]
[Source "ChessBase"]
[SourceDate "2023.10.19"]
[SourceVersion "1"]
[SourceVersionDate "2023.10.19"]
[SourceQuality "1"]
[WhiteTeam "Tschechien"]
[BlackTeam "Spanien"]
[WhiteTeamCountry "CZE"]
[BlackTeamCountry "ESP"]

1. e4 e5 2. Nc3 Nf6 3. Bc4 Nc6 4. d3 Na5 5. Nge2 Bc5 6. 0-0 0-0 7. Ng3 h6 8. h3 d6 9. Kh1 Nxc4 10. dxc4 a6 11. a4 Be6 12. b3 c6 0-1

[Event "IECC TH-M-3745"]
[Site "IECC email"]
[Date "2022.07.26"]
[Round "?"]
[White "Civin, Tomas"]
[Black "Vasquez, Fernando"]
[Result "0-1"]
[WhiteElo "1866"]
[BlackElo "1997"]
[PlyCount "28"]
[EventDate "2022.??.??"]
[EventType "tourn (corr)"]
[SourceTitle "Corr 2024"]
[Source "ChessBase"]
[SourceDate "2023.10.19"]
[SourceVersion "1"]
[SourceVersionDate "2023.10.19"]
[SourceQuality "1"]
[WhiteTeam "Tschechien"]
[BlackTeam "Portugal"]
[WhiteTeamCountry "CZE"]
[BlackTeamCountry "POR"]

1. d4 d5 2. c4 e5 3. dxe5 d4 4. Nf3 Nc6 5. a3 Nge7 6. b4 Ng6 7. Bb2 a5 8. b5 Ncxe5 9. Nxe5 Nxe5 10. e3 Be6 11. Bxd4 Nxc4 12. Qc2 Nd6 13. Bd3 Qg5 14. f4 Qh4+ 0-1

[Event "IECC TH-M-3746"]
[Site "IECC email"]
[Date "2022.07.26"]
[Round "?"]
[White "Civin, Tomas"]
[Black "Vasquez, Fernando"]
[Result "0-1"]
[WhiteElo "1829"]
[BlackElo "2034"]
[PlyCount "30"]
[EventDate "2022.??.??"]
[EventType "tourn (corr)"]
[SourceTitle "Corr 2024"]
[Source "ChessBase"]
[SourceDate "2023.10.19"]
[SourceVersion "1"]
[SourceVersionDate "2023.10.19"]
[SourceQuality "1"]
[WhiteTeam "Tschechien"]
[BlackTeam "Portugal"]
[WhiteTeamCountry "CZE"]
[BlackTeamCountry "POR"]

1. e4 e5 2. Bc4 Nf6 3. d3 Nc6 4. Nc3 Na5 5. Nge2 c6 6. 0-0 Be7 7. a4 Nxc4 8. dxc4 0-0 9. b3 Qa5 10. Qd3 Rd8 11. Bd2 Qc7 12. Rad1 d6 13. Ng3 Bg4 14. f3 Be6 15. Bg5 d5 0-1

[Event "IECC TH-M-3749"]
[Site "IECC email"]
[Date "2022.07.26"]
[Round "?"]
[White "Cruz, Eliecer"]
[Black "Civin, Tomas"]
[Result "1-0"]
[WhiteElo "1876"]
[BlackElo "1926"]
[PlyCount "29"]
[EventDate "2022.??.??"]
[EventType "tourn (corr)"]
[SourceTitle "Corr 2024"]
[Source "ChessBase"]
[SourceDate "2023.10.19"]
[SourceVersion "1"]
[SourceVersionDate "2023.10.19"]
[SourceQuality "1"]
[WhiteTeam "Kuba"]
[BlackTeam "Tschechien"]
[WhiteTeamCountry "CUB"]
[BlackTeamCountry "CZE"]

1. e4 e5 2. Nf3 Nc6 3. Bc4 Bc5 4. b4 Bxb4 5. c3 Bd6 6. d4 h6 7. 0-0 Nf6 8. Bd5 Nxd5 9. exd5 e4 10. Nfd2 Na5 11. Nxe4 0-0 12. Nxd6 cxd6 13. Qd3 b6 14. Na3 Qf6 15. Bd2 1-0

[Event "IECC TH-M-3746"]
[Site "IECC email"]
[Date "2022.07.26"]
[Round "?"]
[White "Vasquez, Fernando"]
[Black "Civin, Tomas"]
[Result "1-0"]
[WhiteElo "2042"]
[BlackElo "1821"]
[PlyCount "29"]
[EventDate "2022.??.??"]
[EventType "tourn (corr)"]
[SourceTitle "Corr 2024"]
[Source "ChessBase"]
[SourceDate "2023.10.19"]
[SourceVersion "1"]
[SourceVersionDate "2023.10.19"]
[SourceQuality "1"]
[WhiteTeam "Portugal"]
[BlackTeam "Tschechien"]
[WhiteTeamCountry "POR"]
[BlackTeamCountry "CZE"]

1. e4 e5 2. Bc4 Nf6 3. d3 c6 4. Nf3 d5 5. Bb3 Bb4+ 6. Bd2 Bxd2+ 7. Nbxd2 a5 8. a4 Nbd7 9. 0-0 0-0 10. Re1 Re8 11. h3 h6 12. d4 exd4 13. exd5 Rxe1+ 14. Qxe1 cxd5 15. Nxd4 1-0

[Event "Ceske Budejovice IM"]
[Site "Ceske Budejovice"]
[Date "2022.07.04"]
[Round "4"]
[White "Dev, Shah"]
[Black "Civin, Tomas"]
[Result "1/2-1/2"]
[WhiteElo "2292"]
[BlackElo "2419"]
[PlyCount "37"]
[EventDate "2022.07.01"]
[EventType "tourn"]
[EventRounds "9"]
[EventCountry "CZE"]
[EventCategory "4"]
[SourceTitle "CBM 209 Extra"]
[Source "ChessBase"]
[SourceDate "2022.09.30"]
[SourceVersion "1"]
[SourceVersionDate "2022.09.30"]
[SourceQuality "1"]

1. d4 d5 2. c4 e6 3. Nf3 c5 4. cxd5 exd5 5. Nc3 Nc6 6. dxc5 d4 7. Na4 Bxc5 8. Nxc5 Qa5+ 9. Bd2 Qxc5 10. e3 dxe3 11. Bxe3 Qb4+ 12. Qd2 Nf6 13. Qxb4 Nxb4 14. Bb5+ Bd7 15. Bxd7+ Nxd7 16. 0-0 0-0 17. Rad1 Rfd8 18. a3 Nc6 19. Rd2 1/2-1/2

[Event "Ceske Budejovice IM"]
[Site "Ceske Budejovice"]
[Date "2022.07.01"]
[Round "1"]
[White "Civin, Tomas"]
[Black "Plischki, Sebastian"]
[Result "1/2-1/2"]
[WhiteElo "2419"]
[BlackElo "2384"]
[PlyCount "81"]
[EventDate "2022.07.01"]
[EventType "tourn"]
[EventRounds "9"]
[EventCountry "CZE"]
[EventCategory "4"]
[SourceTitle "CBM 209 Extra"]
[Source "ChessBase"]
[SourceDate "2022.09.30"]
[SourceVersion "1"]
[SourceVersionDate "2022.09.30"]
[SourceQuality "1"]

1. d4 Nf6 2. c4 c5 3. Nf3 cxd4 4. Nxd4 Nc6 5. g3 g6 6. Bg2 Bg7 7. 0-0 0-0 8. Nc3 Qa5 9. Nb3 Qh5 10. h3 d6 11. g4 Bxg4 12. hxg4 Nxg4 13. Bf4 Be5 14. Qc1 g5 15. Bxe5 Ncxe5 16. Rd1 f5 17. Rd4 f4 18. Nd1 f3 19. Rxg4 Qxg4 20. Ne3 Qh4 21. exf3 Nxf3+ 22. Bxf3 Rxf3 23. Qd2 Raf8 24. Rf1 e6 25. Ng2 Qh6 26. Qxd6 Rh3 27. f4 gxf4 28. Nd4 f3 29. Qxe6+ Qxe6 30. Nxe6 Rf6 31. Ngf4 Rhh6 32. Re1 Kf7 33. Ng5+ Kf8 34. Nfe6+ Kg8 35. Kf2 Rh2+ 36. Kg3 Rxb2 37. Nxf3 Rxa2 38. Ned4 Ra3 39. c5 Rc3 40. Ra1 Rc4 41. Rxa7 1/2-1/2

[Event "CZE-chT2A 2122"]
[Site "Czech Republic"]
[Date "2022.04.03"]
[Round "11.1"]
[White "Civin, Tomas"]
[Black "Flajsman, Pavel"]
[Result "1-0"]
[WhiteElo "2419"]
[BlackElo "2146"]
[PlyCount "57"]
[EventDate "2021.10.17"]
[EventType "team-tourn"]
[EventRounds "11"]
[EventCountry "CZE"]
[SourceTitle "EXT 2025"]
[Source "ChessBase"]
[SourceDate "2024.10.14"]
[SourceVersion "1"]
[SourceVersionDate "2024.10.14"]
[SourceQuality "1"]
[WhiteTeam "Tabor"]
[BlackTeam "Klatovy"]
[WhiteTeamCountry "CZE"]
[BlackTeamCountry "CZE"]

1. d4 Nf6 2. c4 c5 3. d5 b5 4. cxb5 a6 5. e3 axb5 6. Bxb5 Qa5+ 7. Nc3 Bb7 8. Bd2 Qb6 9. a4 Nxd5 10. Nxd5 Bxd5 11. Nf3 e6 12. Bc3 Be7 13. 0-0 0-0 14. Ne5 Qd8 15. Qe2 d6 16. Rfd1 Bf6 17. e4 Bb7 18. Nc4 Bxc3 19. bxc3 d5 20. exd5 exd5 21. Ne3 Qg5 22. f4 Qf6 23. Nxd5 Bxd5 24. Rxd5 Qxc3 25. Rad1 Qa5 26. Qe7 Na6 27. Bxa6 Qxa6 28. Rd8 h6 29. Qxf8+ 1-0

[Event "CZE-chT2A 2122"]
[Site "Czech Republic"]
[Date "2022.01.30"]
[Round "7.1"]
[White "Civin, Tomas"]
[Black "Dolezal, Radoslav"]
[Result "0-1"]
[WhiteElo "2419"]
[BlackElo "2373"]
[PlyCount "90"]
[EventDate "2021.10.17"]
[EventType "team-tourn"]
[EventRounds "11"]
[EventCountry "CZE"]
[SourceTitle "EXT 2025"]
[Source "ChessBase"]
[SourceDate "2024.10.14"]
[SourceVersion "1"]
[SourceVersionDate "2024.10.14"]
[SourceQuality "1"]
[WhiteTeam "Tabor"]
[BlackTeam "Pankrac II"]
[WhiteTeamCountry "CZE"]
[BlackTeamCountry "CZE"]

1. d4 Nf6 2. c4 e6 3. g3 d5 4. Nf3 c6 5. Bg2 Bb4+ 6. Nbd2 b5 7. cxb5 cxb5 8. 0-0 Qb6 9. Nb3 Nbd7 10. Bd2 Bxd2 11. Qxd2 a5 12. Rfc1 0-0 13. Rc2 b4 14. Rac1 Bb7 15. Qf4 Rac8 16. Nc5 Nxc5 17. dxc5 Qa6 18. Ne5 Bc6 19. h4 h6 20. g4 Qa7 21. g5 hxg5 22. hxg5 Nd7 23. Nxd7 Qxd7 24. Rd1 Qc7 25. Qh4 Qe5 26. f4 Qf5 27. Rd3 Rfe8 28. Rh3 Kf8 29. Rd2 Ke7 30. a3 Rh8 31. Qg3 Qb1+ 32. Kf2 Qc1 33. Qe3 Rxh3 34. Bxh3 Bd7 35. axb4 axb4 36. f5 Qxc5 37. Rd4 Kd6 38. Bg2 Bc6 39. fxe6 fxe6 40. Rd3 Rf8+ 41. Kg3 Qxe3+ 42. Rxe3 Rf5 43. Kg4 Re5 44. Kf4 Rxe3 45. Kxe3 d4+ 0-1

[Event "CZE-chT2A 2122"]
[Site "Czech Republic"]
[Date "2021.12.05"]
[Round "4.1"]
[White "Havlik, Jan"]
[Black "Civin, Tomas"]
[Result "1/2-1/2"]
[WhiteElo "2393"]
[BlackElo "2419"]
[PlyCount "35"]
[EventDate "2021.10.17"]
[EventType "team-tourn"]
[EventRounds "11"]
[EventCountry "CZE"]
[SourceTitle "EXT 2025"]
[Source "ChessBase"]
[SourceDate "2024.10.14"]
[SourceVersion "1"]
[SourceVersionDate "2024.10.14"]
[SourceQuality "1"]
[WhiteTeam "Prachatice Tatran"]
[BlackTeam "Tabor"]
[WhiteTeamCountry "CZE"]
[BlackTeamCountry "CZE"]

1. e4 c5 2. Nf3 d6 3. d4 cxd4 4. Nxd4 Nf6 5. Nc3 g6 6. Be3 Bg7 7. f3 0-0 8. g4 Nc6 9. Qd2 Be6 10. 0-0-0 Nxd4 11. Bxd4 Qa5 12. a3 Rab8 13. h4 b5 14. Nd5 Qxd2+ 15. Rxd2 Bxd5 16. Bxf6 Bxf6 17. Rxd5 b4 18. axb4 1/2-1/2

[Event "CZE-chT2A 2122"]
[Site "Czech Republic"]
[Date "2021.10.17"]
[Round "1.1"]
[White "Horak, Martin"]
[Black "Civin, Tomas"]
[Result "0-1"]
[WhiteElo "2330"]
[BlackElo "2419"]
[PlyCount "66"]
[EventDate "2021.10.17"]
[EventType "team-tourn"]
[EventRounds "11"]
[EventCountry "CZE"]
[SourceTitle "EXT 2025"]
[Source "ChessBase"]
[SourceDate "2024.10.14"]
[SourceVersion "1"]
[SourceVersionDate "2024.10.14"]
[SourceQuality "1"]
[WhiteTeam "Vlasim II"]
[BlackTeam "Tabor"]
[WhiteTeamCountry "CZE"]
[BlackTeamCountry "CZE"]

1. d4 Nf6 2. c4 g6 3. Nc3 Bg7 4. e4 d6 5. Nf3 0-0 6. Be2 e5 7. Be3 Na6 8. 0-0 Ng4 9. Bg5 Qe8 10. dxe5 h6 11. Bc1 dxe5 12. b3 f5 13. Ba3 c5 14. Ne1 Nf6 15. Nc2 fxe4 16. Ne3 Kh8 17. Ned5 Bf5 18. Qd2 Rd8 19. Qe3 Nxd5 20. Nxd5 b6 21. Bd1 Qc6 22. Bc2 Nc7 23. Nxc7 Qxc7 24. Bxe4 Rd4 25. f3 Bxe4 26. fxe4 Rf4 27. Rae1 Qd6 28. Rxf4 exf4 29. e5 fxe3 30. exd6 Rxd6 31. Kf1 Rf6+ 32. Ke2 Rf2+ 33. Kxe3 Rxa2 0-1

[Event "IECC TH-M-3626"]
[Site "IECC email"]
[Date "2021.05.20"]
[Round "?"]
[White "Civin, Tomas"]
[Black "Cruz, Eliecer"]
[Result "0-1"]
[WhiteElo "2050"]
[BlackElo "2177"]
[PlyCount "54"]
[EventDate "2021.??.??"]
[EventType "tourn (corr)"]
[SourceTitle "Corr 2024"]
[Source "ChessBase"]
[SourceDate "2023.10.19"]
[SourceVersion "1"]
[SourceVersionDate "2023.10.19"]
[SourceQuality "1"]
[WhiteTeam "Tschechien"]
[BlackTeam "Kuba"]
[WhiteTeamCountry "CZE"]
[BlackTeamCountry "CUB"]

1. e4 e5 2. f4 exf4 3. Qf3 d5 4. exd5 Nf6 5. Nc3 Bd6 6. d4 0-0 7. Bxf4 Re8+ 8. Nge2 Bg4 9. Qf2 Bxf4 10. Qxf4 Na6 11. 0-0-0 b5 12. h3 Bxe2 13. Bxe2 b4 14. Bxa6 bxc3 15. Bc4 Nxd5 16. Qf3 cxb2+ 17. Kxb2 c6 18. Bb3 a5 19. a4 Re3 20. Qf2 Qb6 21. Rhe1 Rc3 22. Qe2 h6 23. Rd3 Rc4 24. Qd2 Rxa4 25. Ra1 Rb4 26. Kc1 a4 27. Ba2 Rb8 0-1

[Event "IECC TH-M-3625"]
[Site "IECC email"]
[Date "2021.05.20"]
[Round "?"]
[White "Cruz, Eliecer"]
[Black "Civin, Tomas"]
[Result "1-0"]
[WhiteElo "2172"]
[BlackElo "2061"]
[PlyCount "61"]
[EventDate "2021.??.??"]
[EventType "tourn (corr)"]
[SourceTitle "Corr 2024"]
[Source "ChessBase"]
[SourceDate "2023.10.19"]
[SourceVersion "1"]
[SourceVersionDate "2023.10.19"]
[SourceQuality "1"]
[WhiteTeam "Kuba"]
[BlackTeam "Tschechien"]
[WhiteTeamCountry "CUB"]
[BlackTeamCountry "CZE"]

1. d4 Nf6 2. c4 c5 3. d5 e6 4. Nc3 exd5 5. cxd5 d6 6. e4 g6 7. Nf3 Bg7 8. Bg5 h6 9. Bf4 0-0 10. Nd2 Ne8 11. Be2 f5 12. exf5 Bxf5 13. 0-0 Na6 14. Nc4 Nac7 15. a4 a6 16. Re1 b5 17. axb5 axb5 18. Rxa8 Nxa8 19. Nxb5 Bd7 20. Bxd6 Bxb5 21. Bxf8 Kxf8 22. Ne5 Bxe5 23. Bxb5 Nd6 24. Rxe5 Nxb5 25. Qc1 Kg7 26. Qxc5 Nd6 27. Re6 Nf7 28. d6 Nb6 29. Qd4+ Kh7 30. Re7 Kg8 31. Qf6 1-0

[Event "TH-S-1341"]
[Site "IECC email"]
[Date "2021.05.05"]
[Round "?"]
[White "Djuric, Mirko"]
[Black "Civin, Tomas"]
[Result "1-0"]
[WhiteElo "2853"]
[BlackElo "2061"]
[PlyCount "67"]
[EventDate "2021.??.??"]
[EventType "tourn (corr)"]
[SourceTitle "Corr 2024"]
[Source "ChessBase"]
[SourceDate "2023.10.19"]
[SourceVersion "1"]
[SourceVersionDate "2023.10.19"]
[SourceQuality "1"]
[WhiteTeam "Serbien"]
[BlackTeam "Tschechien"]
[WhiteTeamCountry "SRB"]
[BlackTeamCountry "CZE"]

1. e4 c5 2. Nf3 d6 3. d4 cxd4 4. Nxd4 Nf6 5. Nc3 g6 6. Be3 Bg7 7. f3 0-0 8. Qd2 Nc6 9. g4 Be6 10. Nxe6 fxe6 11. 0-0-0 Ne5 12. Be2 Qc8 13. h4 Nfd7 14. f4 Nc4 15. Bxc4 Qxc4 16. e5 Rad8 17. exd6 Nf6 18. Qd4 Qxd4 19. Bxd4 exd6 20. Rhg1 Ne8 21. Ne2 Bxd4 22. Rxd4 d5 23. Ra4 a6 24. Rb4 Rd7 25. h5 Nf6 26. hxg6 hxg6 27. Nd4 Kf7 28. Rb6 Re8 29. f5 e5 30. g5 Ne4 31. fxg6+ Kg8 32. Nf5 Rf8 33. Nh6+ Kg7 34. Nf7 1-0

[Event "TH-S-1313"]
[Site "IECC email"]
[Date "2021.02.12"]
[Round "?"]
[White "Cruz, Eliecer"]
[Black "Civin, Tomas"]
[Result "1/2-1/2"]
[WhiteElo "2156"]
[BlackElo "2134"]
[PlyCount "53"]
[EventDate "2021.??.??"]
[EventType "tourn (corr)"]
[SourceTitle "Corr 2024"]
[Source "ChessBase"]
[SourceDate "2023.10.19"]
[SourceVersion "1"]
[SourceVersionDate "2023.10.19"]
[SourceQuality "1"]
[WhiteTeam "Kuba"]
[BlackTeam "Tschechien"]
[WhiteTeamCountry "CUB"]
[BlackTeamCountry "CZE"]

1. e4 c5 2. Nf3 d6 3. d4 cxd4 4. Nxd4 Nf6 5. Nc3 a6 6. Be2 e5 7. Nb3 Be7 8. 0-0 0-0 9. Be3 Be6 10. Qd2 Nbd7 11. a4 Nb6 12. a5 Nc4 13. Bxc4 Bxc4 14. Rfd1 Rc8 15. Nc1 d5 16. Bb6 Qe8 17. Nxd5 Nxe4 18. Nxe7+ Qxe7 19. Qe1 f5 20. b3 Bf7 21. c4 Rfe8 22. Ne2 Bh5 23. f3 Nc5 24. Ng3 Bg6 25. Qb4 Nd7 26. Qxe7 Rxe7 27. Rac1 1/2-1/2

[Event "TH-S-1288"]
[Site "IECC email"]
[Date "2020.12.11"]
[Round "?"]
[White "Civin, Tomas"]
[Black "Polo, Paul Caresse"]
[Result "1/2-1/2"]
[WhiteElo "2135"]
[BlackElo "2133"]
[PlyCount "83"]
[EventDate "2020.??.??"]
[EventType "tourn (corr)"]
[SourceTitle "Corr 2024"]
[Source "ChessBase"]
[SourceDate "2023.10.19"]
[SourceVersion "1"]
[SourceVersionDate "2023.10.19"]
[SourceQuality "1"]
[WhiteTeam "Tschechien"]
[BlackTeam "Frankreich"]
[WhiteTeamCountry "CZE"]
[BlackTeamCountry "FRA"]

1. d4 Nf6 2. c4 e6 3. g3 d5 4. Bg2 Be7 5. Nf3 c5 6. cxd5 exd5 7. 0-0 Nc6 8. Nc3 Be6 9. b3 Ne4 10. Bb2 Nxc3 11. Bxc3 0-0 12. dxc5 Bxc5 13. e3 Qe7 14. Qd2 Rfd8 15. Nd4 Nxd4 16. Bxd4 Rac8 17. Rac1 h5 18. Bxc5 Rxc5 19. Rxc5 Qxc5 20. Rc1 Qb6 21. Rc3 h4 22. gxh4 Bf5 23. Qd4 Qh6 24. h3 b6 25. Qe5 Qe6 26. Qxe6 fxe6 27. Rc7 d4 28. exd4 a5 29. Rc4 Bb1 30. a3 Ba2 31. Rc6 Bxb3 32. Rxb6 Bc4 33. Bf1 Bxf1 34. Kxf1 Rxd4 35. Rxe6 Rxh4 36. Re3 Kf7 37. Kg2 Ra4 38. Kf1 g5 39. Ke2 Kg6 40. Rf3 Re4+ 41. Kd3 Ra4 42. Kc2 1/2-1/2

[Event "Tabor op"]
[Site "Tabor"]
[Date "2011.08.05"]
[Round "7"]
[White "Havlik, Jan"]
[Black "Civin, Tomas"]
[Result "1-0"]
[WhiteElo "2315"]
[BlackElo "2425"]
[PlyCount "75"]
[EventDate "2011.07.31"]
[EventType "swiss"]
[EventRounds "9"]
[EventCountry "CZE"]
[SourceTitle "CBM 143 Extra"]
[Source "ChessBase"]
[SourceDate "2011.08.29"]
[SourceVersion "1"]
[SourceVersionDate "2011.08.29"]
[SourceQuality "1"]

1. e4 g6 2. d4 Bg7 3. Nc3 d6 4. Be3 a6 5. Qd2 b5 6. h4 h5 7. Nf3 Nf6 8. Ng5 Ng4 9. Be2 Nxe3 10. fxe3 Nd7 11. 0-0-0 Nf6 12. e5 Ng4 13. Bf3 Rb8 14. e6 Bxe6 15. Nxe6 fxe6 16. Bxg4 hxg4 17. Qe2 Kd7 18. Qxg4 Qg8 19. Kb1 Rf8 20. a4 bxa4 21. Nxa4 Rf5 22. e4 Ra5 23. Nc3 Rah5 24. g3 g5 25. Qe2 gxh4 26. Rxh4 Rxh4 27. gxh4 Rxh4 28. Qxa6 Qb8 29. Rg1 Bf6 30. e5 dxe5 31. Na4 c6 32. Nc5+ Kd6 33. Qa3 Kd5 34. c4+ Kxc4 35. Rc1+ Kd5 36. Qa2+ Kxd4 37. Qc4+ Ke3 38. Qd3+ 1-0

[Event "Tabor op"]
[Site "Tabor"]
[Date "2010.08.08"]
[Round "9"]
[White "Civin, Tomas"]
[Black "Hasangatin, Ramil"]
[Result "0-1"]
[WhiteElo "2429"]
[BlackElo "2498"]
[PlyCount "92"]
[EventDate "2010.08.01"]
[EventType "swiss"]
[EventRounds "9"]
[EventCountry "CZE"]
[SourceTitle "EXT 2012"]
[Source "ChessBase"]
[SourceDate "2011.11.24"]
[SourceVersion "1"]
[SourceVersionDate "2011.11.24"]
[SourceQuality "1"]

1. d4 d5 2. c4 c6 3. Nf3 Nf6 4. Nc3 dxc4 5. a4 Bf5 6. Ne5 Nbd7 7. Nxc4 Nb6 8. Ne5 a5 9. f3 Nfd7 10. Nd3 Bxd3 11. Qxd3 e5 12. e4 Bb4 13. Be3 exd4 14. Bxd4 0-0 15. 0-0-0 Qe7 16. Qc2 Rfd8 17. Be2 Bc5 18. Kb1 Bxd4 19. Rxd4 Nc5 20. Rhd1 Rxd4 21. Rxd4 Qe5 22. Qd1 Ne6 23. Rd2 Qxh2 24. Qf1 Qc7 25. Bd1 Rd8 26. Qf2 Nc4 27. Rxd8+ Qxd8 28. Bb3 Qd2 29. Qxd2 Nxd2+ 30. Kc2 Nxf3 31. gxf3 Nd4+ 32. Kd3 Nxb3 33. Kc4 Nc1 34. Kc5 h5 35. Kb6 h4 36. e5 h3 37. Ne4 Nd3 38. b3 Nxe5 39. Kxb7 Nxf3 40. Kxc6 Nd4+ 41. Kd5 Nxb3 42. Nf2 h2 43. Kc4 Nd2+ 44. Kb5 Ne4 45. Nh1 g5 46. Kxa5 g4 0-1

[Event "Tabor op"]
[Site "Tabor"]
[Date "2010.08.04"]
[Round "5"]
[White "Civin, Tomas"]
[Black "Heinzel, Olaf"]
[Result "1-0"]
[WhiteElo "2429"]
[BlackElo "2327"]
[PlyCount "51"]
[EventDate "2010.08.01"]
[EventType "swiss"]
[EventRounds "9"]
[EventCountry "CZE"]
[SourceTitle "EXT 2012"]
[Source "ChessBase"]
[SourceDate "2011.11.24"]
[SourceVersion "1"]
[SourceVersionDate "2011.11.24"]
[SourceQuality "1"]

1. d4 c6 2. c4 d5 3. Nf3 e6 4. Nc3 f5 5. Bf4 Nf6 6. e3 Be7 7. Qc2 Ne4 8. g4 fxg4 9. Ne5 Nxc3 10. bxc3 Nd7 11. Nxg4 Qa5 12. Bd3 h5 13. Ne5 Nxe5 14. Bxe5 Bf6 15. Bd6 Qd8 16. c5 Qa5 17. 0-0 Be7 18. Bxe7 Kxe7 19. f4 Kd8 20. Qg2 Qc7 21. e4 b6 22. f5 bxc5 23. Rae1 Re8 24. exd5 cxd5 25. fxe6 Bxe6 26. Rxe6 1-0

[Event "Tabor op"]
[Site "Tabor"]
[Date "2010.08.03"]
[Round "4"]
[White "Cuhra, Martin"]
[Black "Civin, Tomas"]
[Result "0-1"]
[WhiteElo "2157"]
[BlackElo "2429"]
[PlyCount "50"]
[EventDate "2010.08.01"]
[EventType "swiss"]
[EventRounds "9"]
[EventCountry "CZE"]
[SourceTitle "EXT 2012"]
[Source "ChessBase"]
[SourceDate "2011.11.24"]
[SourceVersion "1"]
[SourceVersionDate "2011.11.24"]
[SourceQuality "1"]

1. e4 g6 2. d4 Bg7 3. Nc3 d6 4. Be3 a6 5. Qd2 b5 6. h4 h5 7. Nf3 Nd7 8. Ng5 Bb7 9. 0-0-0 Nh6 10. f3 Rc8 11. Ne2 c5 12. d5 Ne5 13. Nf4 Qb6 14. g4 hxg4 15. h5 Bf6 16. Nge6 g5 17. Ng6 fxe6 18. Nxe5 Bxe5 19. Bxg5 Nf7 20. f4 Nxg5 21. fxg5 c4 22. g6 c3 23. Qg5 Qa5 24. Bc4 Rxc4 25. Rdf1 Qxa2 0-1

[Event "Tabor op"]
[Site "Tabor"]
[Date "2010.08.01"]
[Round "1"]
[White "Civin, Tomas"]
[Black "Simecek, Josef"]
[Result "1-0"]
[WhiteElo "2429"]
[BlackElo "1912"]
[PlyCount "61"]
[EventDate "2010.08.01"]
[EventType "swiss"]
[EventRounds "9"]
[EventCountry "CZE"]
[SourceTitle "EXT 2012"]
[Source "ChessBase"]
[SourceDate "2011.11.24"]
[SourceVersion "1"]
[SourceVersionDate "2011.11.24"]
[SourceQuality "1"]

1. d4 Nf6 2. c4 e6 3. g3 d5 4. Bg2 Bb4+ 5. Nd2 Ne4 6. Ngf3 0-0 7. 0-0 Nxd2 8. Bxd2 Bxd2 9. Qxd2 Nc6 10. Rfc1 f5 11. b4 Ne7 12. a4 c6 13. b5 Ng6 14. e3 Bd7 15. Bf1 a6 16. bxa6 bxa6 17. a5 Qe7 18. Rcb1 Rfb8 19. Rxb8+ Rxb8 20. cxd5 cxd5 21. Bxa6 Bb5 22. Bxb5 Rxb5 23. Qc3 Qd7 24. a6 Rb8 25. a7 Ra8 26. Qb4 Qc7 27. Qc5 Qb7 28. Kg2 h6 29. h4 Ne7 30. Ne5 Rd8 31. a8Q 1-0